Essential land law

Bibliographic Details
Main Author: Williams, Iris
Format: Book
Published: London : Cavendish Publishers Ltd. , 1994
Subjects:

MARC

LEADER 00000cam a2200000 7i4500
001 0000009335
002 000010165
005 20000330.0
020 |a 1859411258 
090 0 0 |a 344.20643   |b WIL 
100 1 |a Williams, Iris 
245 1 0 |a Essential land law   |c Iris Williams 
260 |a London :   |b Cavendish Publishers Ltd. ,   |c 1994 
300 |a 167p. ;   |c 22cm. 
650 0 0 |a Business law 
999 |a 047484   |b BUKU   |c PINJAMAN   |e PERPUSTAKAAN KOMUNITI PETALING JAYA